La gran literatura iberoamericana

Sábháilte in:
Sonraí bibleagrafaíochta
Príomhchruthaitheoir: Torres-Rioseco, Arturo (Údar)
Formáid: LEABHAR
Teanga:Spáinnis
Foilsithe / Cruthaithe: Buenos Aires Emece 1951
Eagrán:2a. ed
Sraith:Selección Emece de Obras Contemporáneas
Ábhair:
Clibeanna: Cuir clib leis
Níl clibeanna ann, Bí ar an gcéad duine le clib a chur leis an taifead seo!

MARC

LEADER 00000cam a2200000 a 4500
001 UCX5342
003 CL-VaPUC
008 921023e19510000AG |||||||||||||||||spa|d
082 0 4 |a H860.9  |b TOR  |2 21 
100 0 |a Torres-Rioseco, Arturo  |e author  |9 321611 
245 1 3 |a La gran literatura iberoamericana 
250 |a 2a. ed 
300 |a 321 p 
942 |c BK 
945 |d 19921023 00:00:00 
260 |a Buenos Aires  |b Emece  |c 1951 
650 7 |a LITERATURA HISPANOAMERICANA HISTORIA Y CRITICA  |2 CL-VaPUC  |9 264562 
583 |a last modification  |c 20130321 05:56:09  |k Rodrigo Vera 
490 0 |a Selección Emece de Obras Contemporáneas 
999 |c 225618  |d 225616 
952 |0 0  |1 0  |4 0  |6 H_860_900000000000000_TOR_1951  |7 0  |8 A  |9 223308  |a BIBEDU  |b BIBEDU  |d 2019-11-15  |i 2921278  |o H860.9 TOR 1951  |p 2921278  |r 2019-11-15  |w 2019-11-15  |y BK  |k LIT 
952 |0 0  |1 0  |4 0  |6 H_860_900000000000000_TOR_1951  |7 0  |8 A  |9 223309  |a BIBEDU  |b BIBEDU  |d 2019-11-15  |i 4956842  |l 1  |m 1  |o H860.9 TOR 1951  |p 4956842  |r 2025-04-24  |s 2025-04-14  |w 2019-11-15  |y BK  |k LIT